000 00531nam a2200193 a 4500
001 3714
003 CO-ViMGA
008 141112s2004 ck r 000 u spa d
040 _aCO-ViMGA
_bspa
_cCO-ViMGA
082 0 4 _a863.3 L847
100 1 _aLuis de León, Frayle
_953768
245 1 0 _aLa perfecta casada :
_bcantar de los cantares, poesias originales
250 _a6a
260 _aMexico :
_bPorrua,
_c1993
300 _a262 p
650 1 4 _aCantar de los cantares
_953769
650 1 4 _aNOVELA ESPAÑOLA
_9488
942 _2ddc
_cBK
999 _c15736
_d15736